| 000 | 00421nam a2200121Ia 4500 | ||
|---|---|---|---|
| 008 | 231129s9999||||xx |||||||||||||| ||spa|| | ||
| 040 | _bspa | ||
| 082 | _a333.79861 U58 | ||
| 100 | _aUniversidad Tecnologica de Pereira | ||
| 245 | 0 | _aSociedad y medio ambiente: La cuenca del Rio Risaralda | |
| 264 | _aCorporacion Autonoma Regional de Risaralda-Corporacion Autonoma Regional de Caldas y la Universidad | ||
| 942 |
_2ddc _cBKS |
||
| 999 |
_c24750 _d24750 |
||